000 00332nam a2200133Ia 4500
005 20260328104316.0
008 260328s9999||||xx |||||||||||||| ||und||
100 _aMinguet, Anna
245 0 _aFloating Houses living over the water /
_cAnna Minguet
260 _bMonsa
300 _a141 p.
650 _aCONTENEDORES
942 _cBK
999 _c11159
_d11159